Focus sur: Gilbert Bingley - Harry Potter - Statistiques

Statistiques générales
  • Ce quiz a été pris 25 fois
  • Le résultat moyen est 3 sur 5
Statistiques - réponses
Informations recherchées Réponses % Correct
Statut du sang Moldu
96%
Couleur des cheveux Blanc
68%
Première apparition Les Animaux fantastiques
60%
Profession Directeur de la Steen National Bank
28%
Acteur l'interprétant dans les films Peter Breitmayer
12%
Aucun quiz correspondant
Distribution des résultats
% des personnes avec chaque résultat
Percentile par nombre de réponses
Votre historique - résultats
Vous n’avez pas pris ce quiz